000
00299nam a2200145Ia 4500
100
_a
Maxim/Gorky
650
_a
General
942
_c
BK
654
_a
Yellow Devil
245
_a
The City of Yellow Devil
260
_b
Progress Publishers
082
_a
891.7
300
_a
138
546
_a
ENGLISH
999
_c
21687
_d
21687